Ansatzpunkte zur Erklärung der gestiegenen Gefangenenzahlen in Deutschland

Gespeichert in:  
Bibliographische Detailangaben
VerfasserInnen: Suhling, Stefan (Verfasst von) ; Schott-Mehrings, Tilmann 1963- (Verfasst von)
Medienart: Druck Aufsatz
Sprache:Deutsch
Veröffentlicht: 2001
In: Forschungsthema Strafvollzug
Jahr: 2001, Seiten: [25] - 83
Verfügbarkeit prüfen: HBZ Gateway

MARC

LEADER 00000caa a22000002c 4500
001 116474349X
003 DE-627
005 20250103154109.0
007 tu
008 010927s2001 xx ||||| 00| ||ger c
020 |a 3789074748 
035 |a (DE-627)116474349X 
035 |a (DE-576)094743495 
035 |a (DE-599)BSZ094743495 
040 |a DE-627  |b ger  |c DE-627  |e rakwb 
041 |a ger 
084 |a 2,1  |2 ssgn 
100 1 |a Suhling, Stefan  |0 (DE-588)123120772  |0 (DE-627)550273255  |0 (DE-576)183810007  |4 aut 
109 |a Suhling, Stefan 
245 1 0 |a Ansatzpunkte zur Erklärung der gestiegenen Gefangenenzahlen in Deutschland  |c Stefan Suhling; Tilmann Schott 
264 1 |c 2001 
300 |a S. [25] - 83 
336 |a Text  |b txt  |2 rdacontent 
337 |a ohne Hilfsmittel zu benutzen  |b n  |2 rdamedia 
338 |a Band  |b nc  |2 rdacarrier 
700 1 |a Schott-Mehrings, Tilmann  |d 1963-  |0 (DE-588)123120799  |0 (DE-627)497644312  |0 (DE-576)182861449  |4 aut 
773 0 8 |i In  |t Forschungsthema Strafvollzug  |b 1. Aufl.  |d Baden-Baden : Nomos-Verlagsgesellschaft, 2001  |g (2001), Seite [25] - 83  |h 419 S.  |w (DE-627)331511789  |w (DE-576)093782829  |z 3789074748  |7 nnam 
773 1 8 |g year:2001  |g pages:[25] - 83 
951 |a AR 
ELC |b 1 
ORI |a SA-MARC-krimdok_oa001.raw